UBT Library

Ethical leadership in the community college : (Record no. 47873)

000 -LEADER
fixed length control field 00947cam a22002894a 4500
001 - CONTROL NUMBER
control field 14727211
005 - DATE AND TIME OF LATEST TRANSACTION
control field 20180918035205.0
008 - FIXED-LENGTH DATA ELEMENTS--GENERAL INFORMATION
fixed length control field 070207s2007 mau b 001 0 eng
010 ## - LIBRARY OF CONGRESS CONTROL NUMBER
LC control number 2007005532
020 ## - INTERNATIONAL STANDARD BOOK NUMBER
International Standard Book Number 9781933371221
020 ## - INTERNATIONAL STANDARD BOOK NUMBER
International Standard Book Number 1933371226
035 ## - SYSTEM CONTROL NUMBER
System control number (OCoLC)ocm82772662
035 ## - SYSTEM CONTROL NUMBER
System control number (OCoLC)82772662
040 ## - CATALOGING SOURCE
Original cataloging agency DLC
Transcribing agency DLC
Modifying agency BAKER
-- BTCTA
-- KUT
-- YDXCP
-- C#P
-- DLC
041 ## - LANGUAGE CODE
Language code of text/sound track or separate title eng
042 ## - AUTHENTICATION CODE
Authentication code pcc
043 ## - GEOGRAPHIC AREA CODE
Geographic area code n-us---
080 ## - UNIVERSAL DECIMAL CLASSIFICATION NUMBER
Universal Decimal Classification number 378.101 HEL
082 00 - DEWEY DECIMAL CLASSIFICATION NUMBER
Classification number 378.101 HEL
Edition number 22
100 ## - Rafti
Rafti 54
101 ## - Shkurtesa
Shkurtesa LID
245 00 - TITLE STATEMENT
Title Ethical leadership in the community college :
Statement of responsibility, etc David M. Hellmich, editor.
504 ## - BIBLIOGRAPHY, ETC. NOTE
Bibliography, etc Includes bibliographical references and index.
906 ## - LOCAL DATA ELEMENT F, LDF (RLIN)
a 7
b cbc
c orignew
d 1
e ecip
f 20
g y-gencatlg
942 ## - ADDED ENTRY ELEMENTS (KOHA)
Source of classification or shelving scheme
Item type Books
Holdings
Withdrawn status Lost status Source of classification or shelving scheme Damaged status Not for loan Collection code Permanent location Current location Shelving location Date acquired Total Checkouts Full call number Barcode Date last seen Price effective from Koha item type
          Koleksioni i përgjithshem UBT - Lipjan UBT - Lipjan Koleksioni i përgjithshem 09/18/2018   378.101 HEL 002-3013002 09/18/2018 09/18/2018 Books
UBT Library © 2015-2024. All rights reserved University Education for Business and Technology